Dear Evan Hansen - Waving Through a Window - Missing Lyrics - Statistics

General Stats
  • This quiz has been taken 310 times
  • The average score is 56 of 59
Answer Stats
Evan % Correct
On the {outside} always looking in
99%
On the {outside} always looking in
99%
On the {outside} always looking in
99%
Can anybody {see}?
98%
Can anybody {see}?
98%
Can anybody {see}?
98%
'Cos I'm tap-tap-tapping on the {glass}
98%
'Cos I'm tap-tap-tapping on the {glass}
98%
'Cos I'm tap-tap-tapping on the {glass}
98%
I'm waving through a {window}
98%
I'm waving through a {window}
98%
I'm waving through a {window}
98%
I've learned to slam on the {brake}
98%
Step out, step out of the sun if you keep getting {burned}
98%
Waving through a {window}
98%
Waving through a {window}
98%
Waving through a {window}
98%
Will I ever be {more} than I've always been?
98%
Will I ever be {more} than I've always been?
98%
Will I ever be {more} than I've always been?
98%
Before I even turn the {key}
97%
Is anybody waving {back} at me?
97%
Is anybody waving {back} at me?
97%
Step out, step out of the sun because you've {learned}, because you've {learned}
97%
Step out, step out of the sun because you've {learned}, because you've {learned}
97%
Step out, step out of the sun if you keep getting {burned}
97%
Before I make the {mistake}
96%
Did I even make a {sound}?
96%
Did I even make a {sound}?
96%
Do you ever really crash or even make a {sound}?
96%
Do you ever really crash or even make a {sound}?
96%
Do you ever really crash or even make a {sound}?
96%
Do you ever really crash or even make a {sound}?
96%
It's like I never made a {sound}
96%
Will I ever make a {sound}?
96%
No, I got nothing to {say}
95%
So I wait around for an {answer} to appear
95%
So I wait around for an {answer} to appear
95%
So I wait around for an {answer} to appear
95%
Before I lead with the {worst} of me
94%
No slipping up if you slip {away}
94%
So I'm watch-watch-watching people {pass}
94%
Well, I'm watch-watch-watching people {pass}
94%
Well, I'm watch-watch-watching people {pass}
94%
And no one tells you where you went {wrong}
93%
Give them no reason to {stare}
93%
When you're {falling} in a forest and there's nobody around
93%
When you're {falling} in a forest and there's nobody around
93%
When you're {falling} in a forest and there's nobody around
93%
When you're {falling} in a forest and there's nobody around
93%
Is anybody {waving}-?
91%
Is anybody {waving}?
91%
I try to {speak} but nobody can hear
91%
I try to {speak} but nobody can hear
91%
I try to {speak} but nobody can hear
91%
We start believing that we {belong}
91%
So I've got nothing to {share}
90%
We start with {stars} in our eyes
90%
But every sun doesn't {rise}
89%
No matching quizzes found
Score Distribution
Percent of People with Each Score
Percentile by Number Answered
Your Score History
You have not taken this quiz